[Event "Bayern-chI Bank Hofmann 6th"]
[Site "Bad Wiessee"]
[Date "2002.11.01"]
[Round "7"]
[White "Tauber, Manfred"]
[Black "Barten, Ralf"]
[Result "1-0"]
[WhiteElo "2266"]
[BlackElo "2092"]
[PlyCount "91"]
[EventDate "2002.10.26"]
[EventType "swiss"]
[EventRounds "9"]
[EventCountry "GER"]
[SourceTitle "EXT 2003"]
[Source "ChessBase"]
[SourceDate "2002.11.25"]
[SourceVersion "1"]
[SourceVersionDate "2002.11.25"]
[SourceQuality "1"]

1. d4 Nf6 2. Nf3 g6 3. g3 Bg7 4. Bg2 0-0 5. c4 c6 6. 0-0 d5 7. cxd5 cxd5 8. Nc3 Nc6 9. Bf4 Nh5 10. Be3 e6 11. Qd2 Bd7 12. Bh6 Rc8 13. Bxg7 Kxg7 14. Ne5 Nf6 15. Rfd1 Ne7 16. f3 Bc6 17. e4 Nd7 18. Ng4 f5 19. exf5 Nxf5 20. Re1 Re8 21. Rad1 Qb6 22. Kh1 h5 23. Ne5 Nxe5 24. Rxe5 Bd7 25. Bh3 Rc4 26. Bxf5 exf5 27. Qe2 Qc6 28. Re1 Rxe5 29. Qxe5+ Qf6 30. Qe7+ Qf7 31. Qe5+ Qf6 32. Qxf6+ Kxf6 33. Nxd5+ Kg5 34. h4+ Kh6 35. Nf6 Bb5 36. Re7 g5 37. Rxb7 Bc6 38. Ng8+ Kg6 39. Ne7+ Kf6 40. hxg5+ Kxg5 41. Nxc6 Rxc6 42. Kg2 Rc2+ 43. Kh3 Kf6 44. Rxa7 Rxb2 45. Ra6+ Ke7 46. Kh4 1-0

[Event "Bayern-chI Bank Hofmann 6th"]
[Site "Bad Wiessee"]
[Date "2002.10.29"]
[Round "4"]
[White "Barten, Ralf"]
[Black "Urankar, Hans Peter"]
[Result "1/2-1/2"]
[WhiteElo "2092"]
[BlackElo "2246"]
[PlyCount "69"]
[EventDate "2002.10.26"]
[EventType "swiss"]
[EventRounds "9"]
[EventCountry "GER"]
[SourceTitle "EXT 2003"]
[Source "ChessBase"]
[SourceDate "2002.11.25"]
[SourceVersion "1"]
[SourceVersionDate "2002.11.25"]
[SourceQuality "1"]

1. e4 g6 2. d4 Bg7 3. Nf3 d6 4. c4 Bg4 5. Be2 Nc6 6. Be3 e5 7. d5 Bxf3 8. Bxf3 Nd4 9. Nc3 c5 10. dxc6 bxc6 11. 0-0 Ne7 12. Rb1 a5 13. a3 0-0 14. b4 axb4 15. axb4 Qd7 16. Bxd4 exd4 17. Ne2 c5 18. e5 Ra3 19. exd6 Qxd6 20. bxc5 Qxc5 21. Rb3 Rd8 22. Nf4 Ra7 23. Qd3 Rc7 24. Nd5 Nxd5 25. Bxd5 Qa5 26. g3 Bf6 27. Rfb1 Kg7 28. Kg2 Re7 29. Qf3 Qd2 30. Rb6 Be5 31. Rb7 Rdd7 32. Rxd7 Rxd7 33. Rb7 Rxb7 34. Bxb7 Qc2 35. Qe4 1/2-1/2